00427nam a2200133Ia 4500008004100000020001500041050002200056245008400078250001900162260003200181300001500213490003500228650003000263120626s2004 mx 000 0 spa d a9686478914 aKGF2914bC66 2004 aConstitución Política de los Estados Unidos Mexicanosc/ ediciones Esfinge a25a. edición aMéxicob: Esfingec, 2004 a227 pág. aColección jurídica Esfinge 0aCONSTITUCIÓN (MÉXICO)